00545 a2200169 4500001000700000003000400007005001700011008004100028082001600069100002000085245010700105250001200212260002900224300001000253653009300263700001900356068093OSt20220125112518.0  a519.2bC45P1 aChow, Yuan Shih1 aProbability theory: independence, interchangeability, martingalescby Yuan Shih Chow and Henry Teicher a3rd ed. aNew YorkbSpringerc2009 a488p. aMartingales (Mathematics); Probabilities; Mathematics; Distribution (Probability theory) aTeicher, Henry